Real World Windows 8 App Development with JavaScript Create Great Windows Store Apps /

Real World Windows 8 App Development with JavaScript offers you practical advice and hard-earned insights that will help you create and publish apps to a worldwide market. Led by authors with deep Windows 8 app development experience, you’ll learn how to make the most of Microsoft’s APIs for hooking...

Πλήρης περιγραφή

Λεπτομέρειες βιβλιογραφικής εγγραφής
Κύριοι συγγραφείς: Moemeka, Edward (Συγγραφέας), Moemeka, Elizabeth (Συγγραφέας)
Συγγραφή απο Οργανισμό/Αρχή: SpringerLink (Online service)
Μορφή: Ηλεκτρονική πηγή Ηλ. βιβλίο
Γλώσσα:English
Έκδοση: Berkeley, CA : Apress : Imprint: Apress, 2013.
Θέματα:
Διαθέσιμο Online:Full Text via HEAL-Link
LEADER 02827nam a22003975i 4500
001 978-1-4302-5081-4
003 DE-He213
005 20141218023119.0
007 cr nn 008mamaa
008 130824s2013 xxu| s |||| 0|eng d
020 |a 9781430250814  |9 978-1-4302-5081-4 
024 7 |a 10.1007/978-1-4302-5081-4  |2 doi 
040 |d GrThAP 
050 4 |a QA75.5-76.95 
072 7 |a UY  |2 bicssc 
072 7 |a COM014000  |2 bisacsh 
082 0 4 |a 004  |2 23 
100 1 |a Moemeka, Edward.  |e author. 
245 1 0 |a Real World Windows 8 App Development with JavaScript  |h [electronic resource] :  |b Create Great Windows Store Apps /  |c by Edward Moemeka, Elizabeth Moemeka. 
264 1 |a Berkeley, CA :  |b Apress :  |b Imprint: Apress,  |c 2013. 
300 |a XIII, 292 p. 151 illus.  |b online resource. 
336 |a text  |b txt  |2 rdacontent 
337 |a computer  |b c  |2 rdamedia 
338 |a online resource  |b cr  |2 rdacarrier 
347 |a text file  |b PDF  |2 rda 
520 |a Real World Windows 8 App Development with JavaScript offers you practical advice and hard-earned insights that will help you create and publish apps to a worldwide market. Led by authors with deep Windows 8 app development experience, you’ll learn how to make the most of Microsoft’s APIs for hooking into Windows 8 on all devices, including the core ideas of promises and the asynchronous programming model. You’ll also discover such important tips as how to Adhere to Windows 8 guidelines for successful app acceptance Extend the appeal of your app with media, contracts, charms, and user notifications Capture and work with media, including the ability to play video wirelessly to a television Manage background processing and file transfers Gain visibility for your app and add monetization options Get the lowdown from authors with experience from the front lines of Windows 8 app development. Theory is all well and good, but when it comes down to it, you can’t beat practical advice from people who’ve been there and done it! You’ll come away from this book with all the tools, ideas, and inspiration you need to create successful Windows 8 JavaScript apps. Development with JavaScript features real-world examples that emphasize the use of JavaScript and HTML 5 and that also adhere to the stylistic guidelines Microsoft has put in place to maintain a consistent look and feel for all applications on this platform. 
650 0 |a Computer science. 
650 1 4 |a Computer Science. 
650 2 4 |a Computer Science, general. 
700 1 |a Moemeka, Elizabeth.  |e author. 
710 2 |a SpringerLink (Online service) 
773 0 |t Springer eBooks 
776 0 8 |i Printed edition:  |z 9781430250807 
856 4 0 |u http://dx.doi.org/10.1007/978-1-4302-5081-4  |z Full Text via HEAL-Link 
912 |a ZDB-2-CWD 
950 |a Professional and Applied Computing (Springer-12059)